La taberna [juego] /
Guardado en:
| Formato: | Objeto Físico |
|---|---|
| Publicado: |
Argentina :
Rpg,
[200?]
|
| Materias: | |
| Etiquetas: |
Agregar Etiqueta
Sin Etiquetas, Sea el primero en etiquetar este registro!
|
| LEADER | 00655nrm a22001575g 4500 | ||
|---|---|---|---|
| 001 | CEM.cems019354 | ||
| 008 | 130507b200?##################0###0#####d | ||
| 005 | 20220830163603.0 | ||
| 003 | CEMS | ||
| 245 | 0 | 0 | |a La taberna [juego] / |c Ruibal |
| 260 | |a Argentina : |b Rpg, |c [200?] | ||
| 300 | |a 1 juego (1 tablero, 1 dado, 500 tarjetas, 1 p.ortatarjetas, 6 cajones, 36 botellas) ; en caja 27 x 37 x 6 cm. + manual de instrucciones | ||
| 500 | |a Para 2 a 6 jugadores o equipos para adultos objetivo: obtener las seis botellas en el menor tiempo. | ||
| 082 | 0 | 4 | |a J793.73 |
| 653 | |a 1. juegos de preguntas y respuestas | ||
| 859 | |a CEMS |b BIB. CEMS - Ludoteca |h J793.73 |i R858 |p 355.09 |t Ej.1 | ||
